Czy odgadniesz państwo świata po domenie internetowej? - Statystyki

Ogólne statystyki
  • Ten quiz został rozwiązany 30 razy
  • Średni wynik to 10 z 21
Statystyki odpowiedzi
Domena internetowa Odpowiedź % Poprawnych
.af Afganistan
100%
.fr Francja
100%
.ph Filipiny
80%
.kz Kazachstan
72%
.uz Uzbekistan
68%
.ir Iran
64%
.ca Kanada
60%
.tr Turcja
60%
.hu Węgry
56%
.uy Urugwaj
52%
.th Tajlandia
44%
.co Kolumbia
40%
.vn Wietnam
40%
.ge Gruzja
36%
.sd Sudan
28%
.kp Korea Północna
16%
.ma Maroko
16%
.gt Gwatemala
12%
.il Izrael
12%
.ae Zjednoczone Emiraty Arabskie
12%
.bj Benin
4%
Nie znaleziono quizów pasujących do podanych kryteriów
Rozkład punktacji
Procent ludzi z każdym wynikiem
Percentyl według liczby udzielonych odpowiedzi
Twoja historia wyników
Nie rozwiązałeś tego quizu